<?xml version="1.0" encoding="UTF-8"?>
<record
    xmlns:xsi="http://www.w3.org/2001/XMLSchema-instance"
    xsi:schemaLocation="http://www.loc.gov/MARC21/slim http://www.loc.gov/standards/marcxml/schema/MARC21slim.xsd"
    xmlns="http://www.loc.gov/MARC21/slim">

  <leader>00438nam a22001217a 4500</leader>
  <controlfield tag="008">160909b        xxu||||| |||| 00| 0 eng d</controlfield>
  <datafield tag="050" ind1=" " ind2=" ">
    <subfield code="a">221/2009</subfield>
  </datafield>
  <datafield tag="245" ind1=" " ind2=" ">
    <subfield code="a">EFFECTS OF INTERNET BANKING ON THE GHANAIAN ECONOMY: A CASE STUDY OF THE UNITED BANK FOR AFRICA (UBA) GHANA LTD </subfield>
    <subfield code="c">ABBEY IAN ANERTEY</subfield>
  </datafield>
  <datafield tag="260" ind1=" " ind2=" ">
    <subfield code="a">Accra.:</subfield>
    <subfield code="b">Wisconsin International University,</subfield>
    <subfield code="c">2009.</subfield>
  </datafield>
  <datafield tag="300" ind1=" " ind2=" ">
    <subfield code="a">Various pgs.;</subfield>
  </datafield>
  <datafield tag="700" ind1=" " ind2=" ">
    <subfield code="a">ABBEY, IAN ANERTEY</subfield>
  </datafield>
  <datafield tag="942" ind1=" " ind2=" ">
    <subfield code="2">lcc</subfield>
    <subfield code="c">REF</subfield>
  </datafield>
  <datafield tag="999" ind1=" " ind2=" ">
    <subfield code="c">6055</subfield>
    <subfield code="d">13555</subfield>
  </datafield>
  <datafield tag="952" ind1=" " ind2=" ">
    <subfield code="0">0</subfield>
    <subfield code="1">0</subfield>
    <subfield code="2">lcc</subfield>
    <subfield code="4">0</subfield>
    <subfield code="7">0</subfield>
    <subfield code="8">REF</subfield>
    <subfield code="a">WIUC-1</subfield>
    <subfield code="b">WIUC-1</subfield>
    <subfield code="c">SERIALS</subfield>
    <subfield code="d">2016-09-09</subfield>
    <subfield code="l">0</subfield>
    <subfield code="o">221/2009</subfield>
    <subfield code="p">221</subfield>
    <subfield code="r">2016-09-09 00:00:00</subfield>
    <subfield code="t">1</subfield>
    <subfield code="w">2016-09-09</subfield>
    <subfield code="y">REF</subfield>
  </datafield>
</record>
